Reseña del libro de Nicolas Roux, La précarité durable. Vivre en emploi discontinu (notice n° 2044969)

détails MARC
000 -LEADER
fixed length control field 01842cam a2200157 4500500
005 - DATE AND TIME OF LATEST TRANSACTION
control field 20260405001200.0
041 ## - LANGUAGE CODE
Language code of text/sound track or separate title fre
042 ## - AUTHENTICATION CODE
Authentication code dc
100 10 - MAIN ENTRY--PERSONAL NAME
Personal name Petit, Lucille
Relator term author
245 00 - TITLE STATEMENT
Title Reseña del libro de Nicolas Roux, La précarité durable. Vivre en emploi discontinu
260 ## - PUBLICATION, DISTRIBUTION, ETC.
Date of publication, distribution, etc. 2025.<br/>
500 ## - GENERAL NOTE
General note 95
520 ## - SUMMARY, ETC.
Summary, etc. En Francia, en el contexto de la lucha contra el abandono escolar, se está produciendo una multiplicación de la institucionalización de itinerarios escolares individualizados, que se apartan, al menos en parte, de las normas de la escolaridad ordinaria en los institutos (respetar el horario, asistir y permanecer en clase, ser puntual, etc.). Entonces surge la pregunta de cómo se articulan estas escolaridades individualizadas con la gestión de grupos, en particular por parte del cuerpo docente, que interviene esencialmente ante grupos de alumnos. El artículo propone analizar cómo los profesionales de los institutos de secundaria crean estas escolarizaciones individualizadas para lo que ellos denominan «casos de alumnos», y cómo estos regímenes especiales de escolaridad contribuyen a su vez a formar a las y los profesionales, en particular al personal docente. Al intensificar el trabajo individual y de coordinación, la creación de regímenes escolares especiales se basa en gran medida en la capacidad de adaptación y absorción de los imprevistos cotidianos por parte del personal escolar. También se basa en sus estrategias de gestión e incluso en su labor de justificación de la existencia de regímenes especiales, con el riesgo de comprometer el orden de las interacciones en el aula.
786 0# - DATA SOURCE ENTRY
Note Formation emploi | 171 | 3 | 2025-08-22 | p. 105-112 | 0759-6340
856 41 - ELECTRONIC LOCATION AND ACCESS
Uniform Resource Identifier <a href="https://shs.cairn.info/revista-formation-emploi-2025-3-page-105?lang=es&redirect-ssocas=7080">https://shs.cairn.info/revista-formation-emploi-2025-3-page-105?lang=es&redirect-ssocas=7080</a>

Pas d'exemplaire disponible.

PLUDOC

PLUDOC est la plateforme unique et centralisée de gestion des bibliothèques physiques et numériques de Guinée administré par le CEDUST. Elle est la plus grande base de données de ressources documentaires pour les Étudiants, Enseignants chercheurs et Chercheurs de Guinée.

Adresse

627 919 101/664 919 101

25 boulevard du commerce
Kaloum, Conakry, Guinée

Réseaux sociaux

Powered by Netsen Group @ 2025